Recueil de conferences <les> lundis du commerce
Salvato in:
| Altri autori: | |
|---|---|
| Natura: | Libro |
| Lingua: | francese |
| Pubblicazione: |
Alger
Institut National de Commerce INC
2002
|
| Soggetti: | |
| Tags: |
Nessun Tag, puoi essere il primo ad aggiungerne!!
|
MARC
| LEADER | 00000nam$a2200000$$$4500 | ||
|---|---|---|---|
| 001 | 0086331 | ||
| 005 | 20240104132959.9 | ||
| 041 | 0 | |a fre | |
| 245 | 1 | 0 | |a Recueil de conferences |b <les> lundis du commerce |c editorial: Abdessalem Saadi |
| 264 | 1 | |a Alger |b Institut National de Commerce INC |c 2002 | |
| 300 | |a 100 s. | ||
| 610 | 2 | 0 | |a obchod |
| 610 | 2 | 0 | |a univerzity |
| 610 | 2 | 0 | |a technológie informačné |
| 610 | 2 | 0 | |a technológie komunikačné |
| 610 | 2 | 0 | |a euro |
| 610 | 2 | 0 | |a civilizácia |
| 610 | 2 | 0 | |a správa verejná |
| 610 | 2 | 0 | |a pokrok technický |
| 610 | 2 | 0 | |a pokrok vedecký |
| 610 | 2 | 0 | |a plánovanie |
| 610 | 2 | 0 | |a plán hospodársky |
| 610 | 2 | 0 | |a kultúra |
| 610 | 2 | 0 | |a politika |
| 610 | 2 | 0 | |a úroveň rozvoja hospodárskeho |
| 610 | 2 | 0 | |a Alžírsko |
| 700 | 1 | |a Saadi, Abdessalem | |